[Event "Rome d'Inverno op"]
[Site "Rome"]
[Date "2009.02.08"]
[Round "4"]
[White "Bernardinetti, Luca"]
[Black "Schmid, Ermanno"]
[Result "1-0"]
[WhiteElo "1554"]
[BlackElo "1413"]
[PlyCount "93"]
[EventDate "2009.02.06"]
[EventType "swiss"]
[EventRounds "5"]
[EventCountry "ITA"]
[SourceTitle "EXT 2011"]
[Source "ChessBase"]
[SourceDate "2010.11.26"]
[SourceVersion "1"]
[SourceVersionDate "2010.11.26"]
[SourceQuality "1"]

1. e4 c6 2. d4 d5 3. Nc3 dxe4 4. Nxe4 Nd7 5. Nf3 Ngf6 6. Ng3 e6 7. Bf4 Be7 8. Bd3 0-0 9. c3 c5 10. Be3 Nd5 11. Qc2 N7f6 12. h3 Nxe3 13. fxe3 Qc7 14. Ne5 cxd4 15. exd4 Bd6 16. Qe2 a6 17. 0-0 b5 18. Rxf6 Be7 19. Rf3 Bb7 20. Raf1 Bxf3 21. Qxf3 g6 22. Nxf7 Bh4 23. Nh6+ Kg7 24. Qxa8 Rxa8 25. Rf7+ Qxf7 26. Nxf7 Kxf7 27. Ne4 Rd8 28. g3 Be7 29. Kf2 e5 30. Ke3 exd4+ 31. cxd4 Rc8 32. Kf4 Rc1 33. Ke5 Re1 34. Kd5 g5 35. Kc6 Rd1 36. Bxb5 axb5 37. Kxb5 Rxd4 38. Nc3 Rd2 39. b3 Bd6 40. Ne4 Rd5+ 41. Kc6 Ke7 42. Kxd5 Bb8 43. Kc6 h6 44. g4 Ke6 45. a4 Ke7 46. a5 Kd8 47. Kb7 1-0

[Event "Rome d'Inverno op"]
[Site "Rome"]
[Date "2009.02.08"]
[Round "5"]
[White "Schmid, Ermanno"]
[Black "Padovano, Vito"]
[Result "1-0"]
[WhiteElo "1413"]
[BlackElo "1443"]
[PlyCount "51"]
[EventDate "2009.02.06"]
[EventType "swiss"]
[EventRounds "5"]
[EventCountry "ITA"]
[SourceTitle "EXT 2011"]
[Source "ChessBase"]
[SourceDate "2010.11.26"]
[SourceVersion "1"]
[SourceVersionDate "2010.11.26"]
[SourceQuality "1"]

1. d4 d5 2. Nf3 Nc6 3. e3 Nf6 4. Bd3 Bg4 5. h3 Bh5 6. 0-0 e5 7. Be2 Bd6 8. dxe5 Bxe5 9. Nbd2 0-0 10. Rb1 Ne4 11. c3 Bxf3 12. Nxf3 Ne7 13. Nxe5 f6 14. Nf3 c6 15. Qc2 Qa5 16. a3 b5 17. b4 Qa4 18. Qb2 a5 19. Bd1 Qxd1 20. Rxd1 Rfc8 21. Nd4 c5 22. Ne6 Rc6 23. Nxg7 Kxg7 24. f3 Ng3 25. Qf2 Nef5 26. Rxd5 1-0